Siete sermones guadalupanos (1709-1765) / (Registro nro. 62419)
[ vista simple ]
| 000 -LEADER | |
|---|---|
| fixed length control field | 01016nam a2200265 u 4500 |
| 001 - CONTROL NUMBER | |
| control field | 62419 |
| 005 - DATE AND TIME OF LATEST TRANSACTION | |
| control field | 20180714064436.0 |
| 008 - FIXED-LENGTH DATA ELEMENTS--GENERAL INFORMATION | |
| fixed length control field | 150416s1993 mx r 000 0 spa d |
| 041 ## - LANGUAGE CODE | |
| Language code of text/sound track or separate title | spa |
| 082 0# - DEWEY DECIMAL CLASSIFICATION NUMBER | |
| Classification number | 232.917 |
| Item number | CAR |
| 100 1# - MAIN ENTRY--PERSONAL NAME | |
| Personal name | Carranza, Francisco Javier, |
| Dates associated with a name | 1703-1769 |
| Relator term | autor |
| 245 10 - TITLE STATEMENT | |
| Title | Siete sermones guadalupanos (1709-1765) / |
| Statement of responsibility, etc. | Francisco Javier Carranza, Juan José Ruiz Castañeda, Juan de Goicochea, Bartolomé Felipe de Ita y Parra,. |
| 250 ## - EDITION STATEMENT | |
| Edition statement | 1a. edición |
| 264 #1 - PRODUCTION, PUBLICATION, DISTRIBUTION, MANUFACTURE, AND COPYRIGHT NOTICE | |
| Place of production, publication, distribution, manufacture | México : |
| Name of producer, publisher, distributor, manufacturer | Centro de Estudios de Historia de México Condumex, |
| Date of production, publication, distribution, manufacture, or copyright notice | 1993 |
| 300 ## - PHYSICAL DESCRIPTION | |
| Extent | 301 páginas : |
| Other physical details | ilustraciones ; |
| Dimensions | 28 cm. |
| 336 ## - CONTENT TYPE | |
| Content type term | texto |
| Source | rdacontent |
| 337 ## - MEDIA TYPE | |
| Media type term | sin mediación |
| Source | rdamedia |
| 338 ## - CARRIER TYPE | |
| Carrier type term | volumen |
| Source | rdacarrier |
| 650 #0 - SUBJECT ADDED ENTRY--TOPICAL TERM | |
| Topical term or geographic name entry element | Virgen |
| General subdivision | Culto |
| -- | Historia |
| 650 #0 - SUBJECT ADDED ENTRY--TOPICAL TERM | |
| Topical term or geographic name entry element | Virgen de Guadalupe |
| General subdivision | Milagros |
| 700 1# - ADDED ENTRY--PERSONAL NAME | |
| Personal name | Ruiz Castañeda, Juan José |
| Relator term | autor |
| 700 1# - ADDED ENTRY--PERSONAL NAME | |
| Personal name | Goicoechea, Juan de |
| Relator term | autor |
| 700 1# - ADDED ENTRY--PERSONAL NAME | |
| Personal name | Ita y Parra, Bartolomé Felipe de. |
| 700 1# - ADDED ENTRY--PERSONAL NAME | |
| Personal name | García Ayluardo, Clara |
| Relator term | autor |
| Withdrawn status | Lost status | Source of classification or shelving scheme | Damaged status | Not for loan | Collection code | Home library | Current library | Shelving location | Date acquired | Source of acquisition | Total Checkouts | Full call number | Barcode | Price effective from | Koha item type |
|---|---|---|---|---|---|---|---|---|---|---|---|---|---|---|---|
| Dewey Decimal Classification | General | Centro de Estudios Guadalupanos | Centro de Estudios Guadalupanos | Sala general | 16/04/2015 | Compra | 232.917 CAR 1993 | 93704 | 16/04/2015 | Libro |